Statistics for Tony Best Musicals Quiz

Click here to take the quiz!

General Stats

  • This quiz has been taken 11,579 times
    (3,615 since last reset)
  • The average score is 22 of 71

Answer Stats

Year Musical % Correct
2016Hamilton
83%
1988The Phantom of the Opera
80%
1983Cats
77%
1987Les Misérables
72%
1998The Lion King
69%
1960The Sound of Music 
61%
1996Rent
60%
2011The Book of Mormon
56%
2003Hairspray
53%
1977Annie
52%
2017Dear Evan Hansen
50%
1957My Fair Lady
48%
1967Cabaret
48%
1980Evita
47%
1965Fiddler on the Roof
43%
1951Guys and Dolls
43%
1950South Pacific
43%
2013Kinky Boots
41%
1975The Wiz
41%
2004Avenue Q
37%
1976A Chorus Line 
35%
1952The King and I
35%
2001The Producers
35%
1964Hello, Dolly!
33%
2006Jersey Boys
33%
2008In the Heights
32%
1979Sweeney Todd: The Demon
Barber of Fleet Street
31%
2009Billy Elliot the Musical
30%
1958The Music Man
29%
2012Once
29%
2018The Band's Visit
28%
2007Spring Awakening
28%
1949Kiss Me, Kate
27%
198142nd Street
27%
2015Fun Home
26%
2005Monty Python's Spamalot
26%
1971Company
24%
1995Sunset Boulevard
23%
2002Thoroughly Modern Millie
22%
1997Titanic
22%
1962How to Succeed in Business
Without Really Trying
21%
2014A Gentleman's Guide to
Love & Murder
20%
1966Man of La Mancha 
20%
1973A Little Night Music
20%
1963A Funny Thing Happened on
the Way to the Forum
19%
1961Bye Bye Birdie
19%
1982Nine
19%
2010Memphis
18%
19691776
18%
1999Fosse
18%
1984La Cage aux Folles 
18%
1956Damn Yankees
17%
1993Kiss of the Spider Woman
17%
1994Passion
17%
1955The Pajama Game 
16%
1974Raisin
16%
1992Crazy for You
16%
1985Big River
15%
1990City of Angels
15%
1954Kismet
15%
1978Ain't Misbehavin'
15%
2000Contact
15%
1986Drood
15%
1991The Will Rogers Follies
15%
1960Fiorello
14%
1970Applause
14%
1972Two Gentlemen of Verona 
14%
1959Redhead
13%
1953Wonderful Town
13%
1989Jerome Robbins' Broadway
13%
1968Hallelujah, Baby! 
12%

Score Distribution

Percentile by Number Answered

Percent of People with Each Score

Your Score History

You have not taken this quiz since the last reset